00208 a2200109 4500001000700000020000600007040001100013100000600024240003200030245002700062362000900089180900 a  cMagnum a-10aA mudanca do sr.bicudolpor10aA mudanca do sr.bicudo0 a1899